000
00321nam a22001337a 4500
041
_a
English
082
_a
261.8 RAM
100
_a
Ramsey, Arthur Michael
245
_a
The Future of the Christian Church
260
_a
London
_b
SCM Press Ltd.
_c
1943
300
_a
86
650
_a
Church and Social Problems
942
_c
BK
999
_c
20953
_d
20953